[Event "Frankfurt Ch A 2018"]
[Site "Ffm-Höchst, BiKuZ"]
[Date "2018.05.28"]
[Round "4.36"]
[White "Teschler, Ulrich"]
[Black "Moritz, Dennis"]
[Result "1-0"]
[WhiteElo "1925"]
[BlackElo "1611"]
[PlyCount "111"]
[EventDate "2018.??.??"]
[WhiteTeam "SV Fechenheim"]
[BlackTeam "SK Hungen"]

1. e4 g6 2. h4 h5 3. d4 Bg7 4. Nc3 d6 5. Bg5 Nd7 6. Nf3 c5 7. Nb5 Qb6 8. a4 a5
9. c3 Ngf6 10. Nd2 O-O 11. Nc4 Qd8 12. f3 cxd4 13. cxd4 d5 14. exd5 Nxd5 15.
Qb3 N7f6 16. O-O-O Bf5 17. Bd3 Bxd3 18. Qxd3 Nb4 19. Qe2 Rc8 20. Kb1 Qd5 21. b3
b6 22. Rhe1 Rfe8 23. g4 hxg4 24. fxg4 Kf8 25. Nc3 Qb7 26. h5 gxh5 27. gxh5 Nfd5
28. Nb5 Rc6 29. Qf3 Rec8 30. Rf1 f6 31. Qe2 Qd7 32. Ne5 Qh3 33. Rf3 Qe6 34. h6
Nc3+ 35. Rxc3 Rxc3 36. Ng6+ Kf7 37. Qxe6+ Kxe6 38. Nxc3 Bxh6 39. Bxh6 Rxc3 40.
Re1+ Kd5 41. Nxe7+ Kxd4 42. Nf5+ Kd5 43. Ne3+ Kd4 44. Rd1+ Ke4 45. Kb2 Rxe3 46.
Bxe3 Kxe3 47. Kc3 Ke2 48. Rd6 f5 49. Re6+ Kf2 50. Kc4 f4 51. Rxb6 f3 52. Rf6
Ke2 53. Kb5 f2 54. Kxa5 Nc2 55. b4 Nd4 56. Rxf2+ 1-0

[Event "Frankfurt Ch A 2018"]
[Site "Ffm-Höchst, BiKuZ"]
[Date "2018.05.28"]
[Round "4.37"]
[White "Senatov, Boris"]
[Black "Stock, Jürgen"]
[Result "0-1"]
[WhiteElo "1667"]
[BlackElo "1877"]
[PlyCount "76"]
[EventDate "2018.??.??"]
[WhiteTeam "SC Heusenstamm"]
[BlackTeam "Sfr. Kelkheim"]

1. e4 e6 2. d4 d5 3. Nc3 Nf6 4. Bg5 Be7 5. e5 Nfd7 6. h4 a6 7. Qg4 h5 8. Qg3 g6
9. Nh3 c5 10. dxc5 Nc6 11. f4 Nxc5 12. O-O-O b5 13. a3 b4 14. axb4 Nxb4 15.
Bxe7 Qxe7 16. Qe3 Bb7 17. Ng5 Rc8 18. Be2 Qc7 19. Rd2 Qa5 20. Kb1 O-O 21. Rg1
Rfd8 22. b3 Qa3 23. Qd4 Nxc2 24. Rxc2 Nxb3 25. Qa4 Qc5 26. Nf3 d4 27. Qxb3 Bxf3
28. Rgc1 Rb8 29. Nb5 Be4 30. Ka2 Bxc2 31. Rxc2 Qb6 32. Nxd4 Rxd4 33. Rc8+ Kg7
34. Rxb8 Rd2+ 35. Ka3 Qa5+ 36. Qa4 Ra2+ 37. Kxa2 Qxa4+ 38. Kb2 Qxf4 0-1

[Event "Frankfurt Ch A 2018"]
[Site "Ffm-Höchst, BiKuZ"]
[Date "2018.05.28"]
[Round "4.38"]
[White "Winand, Edgar"]
[Black "Krischak, Werner"]
[Result "1-0"]
[WhiteElo "1797"]
[BlackElo "1649"]
[PlyCount "75"]
[EventDate "2018.??.??"]
[WhiteTeam "SV Hofheim"]
[BlackTeam "SK Marburg"]

1. g4 d5 2. Bg2 c6 3. h3 e5 4. d3 Be7 5. Nc3 Be6 6. e4 g6 7. Bd2 d4 8. Nce2 Nd7
9. Ng3 Qb6 10. Qc1 Nc5 11. b3 Na6 12. a3 Nc5 13. b4 Na4 14. N1e2 O-O-O 15. O-O
Qb5 16. f4 f6 17. f5 Bf7 18. g5 fxg5 19. Bxg5 Bxg5 20. Qxg5 h6 21. Qd2 g5 22.
f6 Kb8 23. Rf2 c5 24. Rf5 Qe8 25. Raf1 Rh7 26. bxc5 Nxc5 27. Qb4 Rc8 28. Nxd4
exd4 29. Rxc5 Rxc5 30. Qxc5 Qd7 31. e5 b6 32. Rb1 Be6 33. Kh2 Qc7 34. Qf8+ Qc8
35. Qd6+ Rc7 36. Ne2 Qd7 37. Nxd4 Qxd6 38. exd6 1-0

[Event "Frankfurt Ch A 2018"]
[Site "Ffm-Höchst, BiKuZ"]
[Date "2018.05.28"]
[Round "4.39"]
[White "Thomele, Michael"]
[Black "Lopez, Victor"]
[Result "1/2-1/2"]
[WhiteElo "1789"]
[BlackElo "1586"]
[PlyCount "160"]
[EventDate "2018.??.??"]
[WhiteTeam "SC Obernau"]
[BlackTeam "SC Höchst"]

1. e4 c6 2. d4 d5 3. Nc3 b5 4. a3 dxe4 5. Nxe4 Nf6 6. Nxf6+ exf6 7. Be3 Bd6 8.
h3 Be6 9. Nf3 Nd7 10. Be2 O-O 11. O-O Bd5 12. Rc1 Nb6 13. Rb1 Nc4 14. Bc1 a5
15. Nd2 Nb6 16. Bf3 a4 17. Bxd5 cxd5 18. c3 Nc4 19. Nf3 Qc7 20. Qd3 Rab8 21.
Qf5 Nb6 22. Qg4 Qd7 23. Qh5 Rfe8 24. Kh1 Re4 25. Nd2 g6 26. Nxe4 dxe4 27. Qe2
Re8 28. Re1 Nc4 29. Kg1 Bc7 30. Qg4 f5 31. Qh4 Qd6 32. g3 f6 33. Bf4 Qd7 34.
Bxc7 Qxc7 35. Qxf6 Nd2 36. Rbd1 Nf3+ 37. Kg2 Nxe1+ 38. Rxe1 Qd7 39. h4 Re6 40.
Qg5 Qd5 41. Kh2 Kg7 42. Qd2 Rf6 43. Qe3 h6 44. Rd1 Rd6 45. Rd2 Qf7 46. Qf4 Rd5
47. Kg2 Qb7 48. Kh2 Qe7 49. Qe3 g5 50. hxg5 hxg5 51. Kg2 Kg6 52. f3 exf3+ 53.
Qxf3 Qb7 54. Kg1 Rd7 55. Qxb7 Rxb7 56. Re2 Kf6 57. Re5 Rb6 58. Kf2 Rb7 59. Rc5
Ke6 60. Kf3 Rb6 61. Ke3 Kf6 62. Kf3 Ke6 63. Rc8 Kf6 64. Re8 Rb7 65. Rh8 Kg7 66.
Rh5 Kg6 67. Rh8 Kg7 68. Rc8 Rb6 69. Re8 Kf7 70. Re1 Re6 71. Rb1 Kf6 72. Kf2 f4
73. gxf4 gxf4 74. Kf3 Kf5 75. Rh1 Kg5 76. Rh8 Re3+ 77. Kf2 Rd3 78. Ke2 Re3+ 79.
Kd2 Kg4 80. Rg8+ Kf3 1/2-1/2

[Event "Frankfurt Ch A 2018"]
[Site "Ffm-Höchst, BiKuZ"]
[Date "2018.05.28"]
[Round "4.40"]
[White "Fröhlich-Dill, Astrid"]
[Black "Both, Günter"]
[Result "1-0"]
[WhiteElo "1786"]
[BlackElo "1523"]
[PlyCount "120"]
[EventDate "2018.??.??"]
[WhiteTeam "SV Hofheim"]
[BlackTeam "SK Bischofsheim"]

1. d4 d5 2. Nf3 e6 3. Bf4 Bd6 4. Qd2 Nf6 5. Bxd6 Qxd6 6. c4 b6 7. Nc3 Bd7 8. e3
O-O 9. Ne5 c6 10. Bd3 dxc4 11. Nxc4 Qc7 12. Ne5 c5 13. O-O a6 14. Rac1 cxd4 15.
exd4 Qd6 16. a3 Nc6 17. Nxd7 Qxd7 18. Ne2 Rfd8 19. Rfd1 e5 20. dxe5 Nxe5 21.
Nf4 Qg4 22. Qe3 Nxd3 23. Rxd3 Rxd3 24. Nxd3 Re8 25. Qxb6 Qe2 26. Qxa6 Rd8 27.
h3 h6 28. Rc8 Rxc8 29. Qxc8+ Kh7 30. Qf5+ Kg8 31. Qf3 Qc2 32. g4 Qb3 33. Qe2
Qc4 34. Kf1 Qd5 35. f3 Qd6 36. Nb4 Qg3 37. Qg2 Qc7 38. Kg1 Qc1+ 39. Kh2 Qc7+
40. Qg3 Qc1 41. Qf2 Qc7+ 42. Kg2 Qf4 43. Qc2 h5 44. Qc8+ Kh7 45. Qf5+ Qxf5 46.
gxf5 Nd7 47. Kg3 g6 48. Kf4 Kh6 49. h4 f6 50. fxg6 Kxg6 51. Nd3 Nb6 52. Ke4 Nc4
53. a4 Nd6+ 54. Kd5 Nf5 55. Nf4+ Kh6 56. Ng2 Ne7+ 57. Kc5 Kg6 58. Nf4+ Kh6 59.
a5 Nf5 60. Ng2 Ne7 1-0

[Event "Frankfurt Ch A 2018"]
[Site "Ffm-Höchst, BiKuZ"]
[Date "2018.05.28"]
[Round "4.41"]
[White "Worzelberger, Armin"]
[Black "Popp, Matthias"]
[Result "1-0"]
[WhiteElo "1762"]
[BlackElo "1516"]
[PlyCount "95"]
[EventDate "2018.??.??"]
[WhiteTeam "SC Brett vorm Kopp"]
[BlackTeam "SC Bergen-Enkheim"]

1. e4 c5 2. Bc4 Nc6 3. f4 e6 4. Nc3 g6 5. Nf3 Bg7 6. h4 Nge7 7. h5 h6 8. hxg6
fxg6 9. Nb5 d5 10. exd5 exd5 11. Bd3 Bf5 12. Bxf5 Nxf5 13. g4 Nd6 14. c3 Nxb5
15. O-O Qc7 16. Qe2+ Kd7 17. Qxb5 b6 18. d4 a6 19. Qd3 Qd6 20. Ne5+ Nxe5 21.
dxe5 Qe6 22. f5 Qxe5 23. Bf4 Qe4 24. Qxe4 dxe4 25. Rad1+ Ke7 26. Bc7 gxf5 27.
gxf5 Rhg8 28. Kh2 b5 29. Rd5 c4 30. Re1 Rae8 31. Rxe4+ Kf7 32. Rf4 Re2+ 33. Kh3
Bf6 34. Rf3 Rg1 35. Rd7+ Ke8 36. Rh7 Rh1+ 37. Kg4 Rg2+ 38. Rg3 Rxg3+ 39. Bxg3
Bg5 40. Ra7 Rb1 41. Rxa6 Rxb2 42. Be5 Rg2+ 43. Kf3 Rd2 44. Ke4 Rd3 45. a4 Re3+
46. Kd5 Rd3+ 47. Ke6 Re3 48. Ra8+ 1-0

[Event "Frankfurt Ch A 2018"]
[Site "Ffm-Höchst, BiKuZ"]
[Date "2018.05.28"]
[Round "4.42"]
[White "Winter, Olaf"]
[Black "Pham, Phuong-Bao"]
[Result "0-1"]
[WhiteElo "1646"]
[BlackElo "1757"]
[PlyCount "59"]
[EventDate "2018.??.??"]
[WhiteTeam "SK Bad Homburg"]
[BlackTeam "Frankfurter TV"]

1. c4 e5 2. Nc3 Nf6 3. e3 Bb4 4. Nge2 O-O 5. g3 Re8 6. Bg2 c6 7. d3 Bf8 8. O-O
d5 9. cxd5 cxd5 10. d4 e4 11. h3 Nc6 12. Bd2 g5 13. Rc1 Be6 14. Na4 Qd6 15. Kh2
b6 16. Nec3 Ne7 17. f3 Ng6 18. fxe4 Nxe4 19. Nxe4 dxe4 20. Nc3 f5 21. Qe2 Rac8
22. Qh5 Bc4 23. Qxg5 Bxf1 24. Rxf1 f4 25. Nxe4 fxg3+ 26. Kh1 Bg7 27. Bc3 Rf8
28. Nf6+ Bxf6 29. Rxf6 Rxf6 30. Qxg3 0-1

[Event "Frankfurt Ch A 2018"]
[Site "Ffm-Höchst, BiKuZ"]
[Date "2018.05.28"]
[Round "4.43"]
[White "Hitzer, Dieter"]
[Black "Markulic, Petar"]
[Result "1-0"]
[WhiteElo "1725"]
[BlackElo "1502"]
[PlyCount "97"]
[EventDate "2018.??.??"]
[WhiteTeam "Bad Vilbeler Sfr"]
[BlackTeam "SF Frankfurt"]

1. Nf3 Nc6 2. d4 e6 3. g3 Nf6 4. Bg2 d5 5. O-O Be7 6. Nbd2 Rb8 7. c4 a6 8. b3
b6 9. Bb2 Bb7 10. Rc1 O-O 11. Re1 Bd6 12. cxd5 exd5 13. Ne5 Qe8 14. Ndf3 Bxe5
15. Nxe5 Ne4 16. Nxc6 Bxc6 17. Qc2 Bd7 18. Qxc7 Qe6 19. Qe5 Qxe5 20. dxe5 f5
21. exf6 Nxf6 22. Bxf6 Rxf6 23. Bxd5+ Kf8 24. Rc7 Rd8 25. e4 Bh3 26. f4 Rfd6
27. Rf7+ Kg8 28. Ra7+ Kh8 29. Rxa6 Re8 30. Kf2 Rc8 31. Re2 h5 32. Ra8 g5 33.
Rc2 Rxa8 34. Bxa8 Rd1 35. Ke3 Bf1 36. Rd2 Rc1 37. Kd4 Rc8 38. Bd5 b5 39. f5 h4
40. gxh4 gxh4 41. Ke5 b4 42. Be6 Re8 43. Rd4 h3 44. Rxb4 Kg7 45. Rb7+ Kh8 46.
Kf6 Ba6 47. Rc7 Rf8+ 48. Kg6 Bb7 49. Rh7# 1-0

[Event "Frankfurt Ch A 2018"]
[Site "Ffm-Höchst, BiKuZ"]
[Date "2018.05.28"]
[Round "4.44"]
[White "Muthig, Holger"]
[Black "Bratmann, Marc"]
[Result "1/2-1/2"]
[WhiteElo "1512"]
[BlackElo "1718"]
[PlyCount "120"]
[EventDate "2018.??.??"]
[WhiteTeam "vereinslos"]
[BlackTeam "TuS Dotzheim"]

1. d4 d5 2. Bf4 c5 3. Nf3 Nf6 4. e3 e6 5. Bb5+ Bd7 6. Bxd7+ Nbxd7 7. O-O Qb6 8.
b3 Be7 9. Nbd2 O-O 10. c4 cxd4 11. exd4 dxc4 12. bxc4 Qa6 13. Re1 Rfe8 14. Qb3
b6 15. Rac1 Rac8 16. h3 h6 17. Ne5 Nxe5 18. Bxe5 Nd7 19. Bf4 Nf6 20. Nf3 Qa5
21. Re5 Qb4 22. Re2 Red8 23. Ne5 Qxb3 24. axb3 Rxd4 25. Be3 Rdd8 26. Ra1 Bd6
27. Nf3 Rd7 28. Rd2 Rcc7 29. Rad1 Bb4 30. Rxd7 Rxd7 31. Rxd7 Nxd7 32. Kf1 Nc5
33. Nd4 a5 34. f4 Kf8 35. Ke2 Ke8 36. Kd1 Kd7 37. Kc2 f6 38. Nf3 Kd6 39. Bd4
Nd7 40. Bb2 e5 41. fxe5+ Nxe5 42. Nd4 g6 43. Ne2 f5 44. Nf4 g5 45. Nd5 Bc5 46.
Kc3 f4 47. Nf6 Ke6 48. Ne4 Be7 49. Kc2 f3 50. g4 Bc5 51. Ng3 f2 52. Kd2 Nf3+
53. Ke2 Ng1+ 54. Kf1 Nxh3 55. Ne4 Nf4 56. Nxc5+ bxc5 57. Bg7 h5 58. gxh5 Nxh5
59. Bf8 Nf4 60. Bxc5 Nd3 1/2-1/2

[Event "Frankfurt Ch A 2018"]
[Site "Ffm-Höchst, BiKuZ"]
[Date "2018.05.28"]
[Round "4.45"]
[White "Schlumbohm, Nils"]
[Black "Stoll, Ulrich"]
[Result "1/2-1/2"]
[WhiteElo "1581"]
[BlackElo "1701"]
[PlyCount "41"]
[EventDate "2018.??.??"]
[WhiteTeam "Berkershm"]
[BlackTeam "Bad Vilbeler Sfr"]

1. e4 d5 2. Nc3 d4 3. Nce2 e5 4. Ng3 Nc6 5. Nf3 a6 6. Bc4 h6 7. O-O Nf6 8. d3
Be7 9. Bb3 O-O 10. c3 Bg4 11. h3 Be6 12. Nf5 Nh7 13. cxd4 exd4 14. Bf4 Bxf5 15.
exf5 Bd6 16. Bg3 Qf6 17. Nh4 Ne7 18. Re1 Bxg3 19. fxg3 c5 20. Qd2 Rfe8 21. Re2
1/2-1/2

[Event "Frankfurt Ch A 2018"]
[Site "Ffm-Höchst, BiKuZ"]
[Date "2018.05.28"]
[Round "4.46"]
[White "Manasek, Martin"]
[Black "Weiland, Thomas"]
[Result "0-1"]
[WhiteElo "1457"]
[BlackElo "1697"]
[PlyCount "132"]
[EventDate "2018.??.??"]
[WhiteTeam "Bad Vilbeler Sfr"]
[BlackTeam "SV Oberursel"]

1. d4 c6 2. e4 d5 3. e5 Bf5 4. Nf3 e6 5. Bd3 Ne7 6. O-O Nd7 7. c4 dxc4 8. Bxc4
Nd5 9. Nc3 N7b6 10. Bxd5 Nxd5 11. Bg5 Be7 12. Bxe7 Qxe7 13. Nxd5 exd5 14. Re1
O-O 15. Qd2 h6 16. Re3 Rfe8 17. h3 a5 18. a3 a4 19. Rae1 Ra6 20. Nh2 Qg5 21.
Qc3 Re6 22. Rg3 Qd8 23. Ng4 Rg6 24. Qe3 Bxg4 25. hxg4 Rb6 26. Re2 Rb3 27. Qf4
Qb6 28. Rxb3 Qxb3 29. Rd2 Qc4 30. f3 c5 31. Kh2 Re6 32. Qe3 b6 33. f4 Qc1 34.
f5 Re8 35. Qc3 Qxc3 36. bxc3 Rc8 37. Rb2 cxd4 38. cxd4 Rc3 39. Rxb6 Rxa3 40.
Rd6 Rd3 41. Rxd5 a3 42. Ra5 Rxd4 43. Rxa3 Rxg4 44. Re3 Kf8 45. Kh3 Rf4 46. g4
h5 47. gxh5 Rxf5 48. Kg4 Rf1 49. Kg5 Ke7 50. Kg4 Ke6 51. Kg5 Rf5+ 52. Kg4 Rxe5
53. Rxe5+ Kxe5 54. Kg5 Ke4 55. Kg4 f5+ 56. Kg5 f4 57. Kg6 f3 58. Kxg7 f2 59. h6
f1=Q 60. h7 Qg2+ 61. Kf8 Qh3 62. Kg8 Qg4+ 63. Kf7 Qh5+ 64. Kg7 Qe5+ 65. Kg6 Qh8
66. Kh6 Kf5 0-1

[Event "Frankfurt Ch A 2018"]
[Site "Ffm-Höchst, BiKuZ"]
[Date "2018.05.28"]
[Round "4.47"]
[White "Dohmes, Swidbert"]
[Black "Wich, Manuela"]
[Result "1-0"]
[WhiteElo "1685"]
[BlackElo "1469"]
[PlyCount "89"]
[EventDate "2018.??.??"]
[WhiteTeam "SV Hofheim"]
[BlackTeam "Niederräder TG"]

1. e4 Nf6 2. Nc3 e5 3. f4 Nc6 4. Nf3 d6 5. Bb5 Be7 6. fxe5 dxe5 7. Nxe5 Bd7 8.
Nxc6 bxc6 9. Bc4 O-O 10. O-O Bg4 11. Be2 Qd4+ 12. Kh1 Be6 13. d3 Bd6 14. Qe1
Bb4 15. Bf4 Ba5 16. Bg3 Qd7 17. Qf2 Bb6 18. Qf4 c5 19. Rad1 Rac8 20. Bh4 Ne8
21. e5 c6 22. Na4 Qd4 23. Nxb6 axb6 24. Be7 Qxb2 25. Bg4 Qxa2 26. c4 Nc7 27.
Bxf8 Nd5 28. cxd5 Bxd5 29. Rf2 Qb3 30. Bd6 Be6 31. Rdf1 Ra8 32. Bxe6 Qxe6 33.
Qc4 Qxc4 34. dxc4 Ra7 35. Rb2 Rb7 36. Bxc5 b5 37. cxb5 cxb5 38. Rfb1 h5 39.
Rxb5 Rd7 40. Bd6 Ra7 41. Kg1 g5 42. Rb7 Ra2 43. Rf1 h4 44. Rbxf7 Re2 45. Rb7
1-0

[Event "Frankfurt Ch A 2018"]
[Site "Ffm-Höchst, BiKuZ"]
[Date "2018.05.28"]
[Round "4.49"]
[White "Breitbach, Stephan"]
[Black "Lemonidis, Christos"]
[Result "1-0"]
[WhiteElo "1524"]
[BlackElo "1739"]
[PlyCount "55"]
[EventDate "2018.??.??"]
[WhiteTeam "SC Landskrone"]
[BlackTeam "SC Nied"]

1. d4 d6 2. e4 g6 3. Nf3 Bg7 4. Bc4 Nh6 5. h3 f6 6. Be3 Nf7 7. Qd2 Nd7 8. Nc3
c6 9. a3 Qc7 10. Ne2 e5 11. O-O-O b5 12. Bxf7+ Kxf7 13. h4 Nb6 14. dxe5 Nc4 15.
exd6 Nxd2 16. dxc7 Nxe4 17. Rd8 Bg4 18. Rhd1 Rc8 19. Rxh8 Bxh8 20. Rd8 Ke7 21.
Nfd4 Rxc7 22. Rxh8 Be6 23. Rxh7+ Bf7 24. f3 Nc5 25. Nf4 Kd6 26. g4 Re7 27. Bd2
Na6 28. h5 1-0

[Event "Frankfurt Ch A 2018"]
[Site "Ffm-Höchst, BiKuZ"]
[Date "2018.05.28"]
[Round "4.50"]
[White "Masoudi, Kian"]
[Black "Leichum, Engelbert"]
[Result "1/2-1/2"]
[WhiteElo "1479"]
[BlackElo "1619"]
[PlyCount "83"]
[EventDate "2018.??.??"]
[WhiteTeam "SC Bergen-Enkheim"]
[BlackTeam "vereinslos"]

1. e4 d5 2. Nf3 dxe4 3. Ng5 Nf6 4. Nc3 g6 5. Bc4 e6 6. Ncxe4 Nxe4 7. Nxe4 Bg7
8. O-O Nc6 9. c3 O-O 10. d4 Ne7 11. Bg5 c6 12. Nf6+ Kh8 13. f4 h6 14. Bh4 Nf5
15. Nh7 Qxh4 16. Nxf8 Ne3 17. Qe1 Qxe1 18. Nxg6+ fxg6 19. Raxe1 Nxc4 20. b3 Nd6
21. g4 b5 22. h4 Nf7 23. f5 exf5 24. Re8+ Kh7 25. gxf5 gxf5 26. Rfe1 Nd6 27.
Rd8 Ne4 28. d5 Bf6 29. Rf8 cxd5 30. Rxe4 dxe4 31. Rxf6 Bd7 32. Rf7+ Kg6 33.
Rxd7 Kh5 34. Rf7 Kg4 35. h5 Kf4 36. Rh7 e3 37. Rxh6 Re8 38. Kf1 Kg5 39. Rg6+
Kxh5 40. Rg7 a5 41. Ke2 f4 42. Rg1 1/2-1/2

[Event "Frankfurt Ch A 2018"]
[Site "Ffm-Höchst, BiKuZ"]
[Date "2018.05.28"]
[Round "4.51"]
[White "Bernhardt, Winfried"]
[Black "Björknes, Uwe"]
[Result "1/2-1/2"]
[WhiteElo "1463"]
[BlackElo "1616"]
[PlyCount "82"]
[EventDate "2018.??.??"]
[WhiteTeam "SV Nauheim"]
[BlackTeam "SK Bad Homburg"]

1. e4 Nf6 2. Nc3 e5 3. Nf3 Nc6 4. d4 exd4 5. Nxd4 Bb4 6. Nxc6 bxc6 7. Qf3 Qe7
8. Bd3 d5 9. Bd2 Bxc3 10. Bxc3 Nxe4 11. Bxe4 dxe4 12. Qg3 f6 13. O-O O-O 14.
Ba5 Ba6 15. Rfe1 Rac8 16. a3 f5 17. Qe3 c5 18. b4 cxb4 19. axb4 c6 20. c3 Qf7
21. Bb6 Qb7 22. Bxa7 Bd3 23. Bc5 f4 24. Qh3 Rf6 25. Ra7 Qb8 26. Qd7 Rg6 27.
Rea1 Rd8 28. Qf7+ Kh8 29. Rb7 Qc8 30. Qc7 f3 31. g3 Qxc7 32. Rxc7 h5 33. h4 Bc4
34. Bd4 Rdd6 35. Raa7 e3 36. Bxe3 Rd1+ 37. Kh2 Bf1 38. Rc8+ Kh7 39. Raa8 Rg4
40. Rh8+ Kg6 41. Ra7 Bg2 1/2-1/2

[Event "Frankfurt Ch A 2018"]
[Site "Ffm-Höchst, BiKuZ"]
[Date "2018.05.28"]
[Round "4.52"]
[White "Saluvar, Bülent"]
[Black "Schneider, Till"]
[Result "1-0"]
[WhiteElo "1600"]
[BlackElo "1371"]
[PlyCount "65"]
[EventDate "2018.??.??"]
[WhiteTeam "SC Münster"]
[BlackTeam "SC Nied"]

1. d4 d5 2. c4 e6 3. Nc3 c6 4. e3 f5 5. g3 Nf6 6. Nf3 Nbd7 7. Qc2 Ne4 8. cxd5
exd5 9. Bg2 Bd6 10. O-O O-O 11. Rb1 Qe8 12. b4 Ndf6 13. a4 Qh5 14. Ne5 Bxe5 15.
dxe5 Ng4 16. h3 Nxe5 17. Nxe4 fxe4 18. g4 Bxg4 19. f4 Nf3+ 20. Bxf3 Bxf3 21.
Kh2 Rf6 22. Rg1 Rg6 23. Bb2 Rf8 24. Rxg6 hxg6 25. Rg1 Kf7 26. Qc3 Rh8 27. Qxg7+
Ke8 28. Qxh8+ Kf7 29. Qxh5 gxh5 30. Rc1 a6 31. a5 Ke6 32. Rg1 d4 33. Bxd4 1-0

[Event "Frankfurt Ch A 2018"]
[Site "Ffm-Höchst, BiKuZ"]
[Date "2018.05.28"]
[Round "4.55"]
[White "Ketting, Douwe"]
[Black "Bär, Christian"]
[Result "1/2-1/2"]
[WhiteElo "1387"]
[BlackElo "1544"]
[PlyCount "39"]
[EventDate "2018.??.??"]
[WhiteTeam "SC Somborn"]
[BlackTeam "SC Steinbach"]

1. b4 d5 2. e3 Bf5 3. Bb2 e6 4. Nf3 Nf6 5. a3 Be7 6. c4 O-O 7. d4 c6 8. Nbd2 a5
9. b5 c5 10. Qa4 Nbd7 11. Rc1 Nb6 12. Qd1 Rc8 13. Be2 dxc4 14. Nxc4 Nxc4 15.
Bxc4 b6 16. O-O Bg4 17. Be2 Qd5 18. h3 Bh5 19. Ne5 Bxe2 20. Qxe2 1/2-1/2

[Event "Frankfurt Ch A 2018"]
[Site "Ffm-Höchst, BiKuZ"]
[Date "2018.05.28"]
[Round "4.56"]
[White "Mongi, Mario"]
[Black "Waschke, Thomas"]
[Result "0-1"]
[WhiteElo "1357"]
[BlackElo "1531"]
[PlyCount "66"]
[EventDate "2018.??.??"]
[WhiteTeam "SC Sulzbach"]
[BlackTeam "SC Bergen-Enkheim"]

1. c4 e5 2. Nc3 Nf6 3. g3 c6 4. e4 d6 5. d3 Be7 6. Be2 Be6 7. Nf3 h6 8. Be3
Nbd7 9. Nh4 d5 10. cxd5 cxd5 11. exd5 Nxd5 12. Nf5 Bxf5 13. Nxd5 Qa5+ 14. Nc3
O-O 15. O-O Nf6 16. Bf3 Rfd8 17. Qb3 Bxd3 18. Qxb7 Bxf1 19. Qxe7 Rd7 20. b4
Rxe7 21. bxa5 Rc8 22. Kxf1 Rxc3 23. a6 e4 24. Be2 Nd5 25. Bd4 Rc2 26. Rb1 Rd2
27. Rb8+ Kh7 28. Bc5 Rc7 29. Ke1 Rxe2+ 30. Kxe2 Rxc5 31. Rb7 Rc7 32. Rxc7 Nxc7
33. Ke3 f5 0-1

[Event "Frankfurt Ch A 2018"]
[Site "Ffm-Höchst, BiKuZ"]
[Date "2018.05.28"]
[Round "4.57"]
[White "Hedrich, Gerd"]
[Black "Klikic, Drazen"]
[Result "0-1"]
[WhiteElo "1284"]
[BlackElo "1476"]
[PlyCount "72"]
[EventDate "2018.??.??"]
[WhiteTeam "Wiesbadener SV"]
[BlackTeam "SC Nied"]

1. Nf3 d5 2. c4 c6 3. e3 Nf6 4. d4 g6 5. Nc3 Bf5 6. Qb3 Qb6 7. cxd5 Qxb3 8.
axb3 cxd5 9. Nb5 Na6 10. Rxa6 Rc8 11. Nd6+ exd6 12. Ra1 a6 13. Be2 Bg7 14. O-O
O-O 15. Bd2 Rc2 16. Bd1 Rc7 17. Bb4 Rc6 18. Be2 Rfc8 19. Bc3 Ne4 20. Bb4 Rb6
21. Ba3 Rxb3 22. Rac1 b5 23. Rxc8+ Bxc8 24. Bd1 Rxa3 25. bxa3 Bf5 26. Bb3 Nc3
27. Re1 Bf6 28. g3 Bd8 29. Nd2 Ba5 30. f3 Nb1 31. Rxb1 Bxd2 32. e4 dxe4 33. Rd1
e3 34. Kf1 Bd3+ 35. Kg2 e2 36. Rxd2 e1=Q 0-1

[Event "Frankfurt Ch A 2018"]
[Site "Ffm-Höchst, BiKuZ"]
[Date "2018.05.28"]
[Round "4.58"]
[White "Friedel, Thomas"]
[Black "Zeyen, Helmut"]
[Result "1/2-1/2"]
[WhiteElo "1496"]
[BlackElo "1730"]
[PlyCount "106"]
[EventDate "2018.??.??"]
[WhiteTeam "SV Groß-Gerau"]
[BlackTeam "Wiesbadener SV"]

1. e4 d5 2. exd5 Nf6 3. d4 Nxd5 4. Nf3 Bf5 5. c4 Nb6 6. Nc3 e6 7. Qb3 c5 8.
Qb5+ N8d7 9. Be3 a6 10. Qb3 Qc7 11. Be2 Bd6 12. Rd1 O-O 13. O-O a5 14. Na4 Nxa4
15. Qxa4 Nb6 16. Qb3 Be4 17. dxc5 Bxc5 18. Nd2 Bf5 19. Nf3 Bg4 20. Bxc5 Qxc5
21. Rc1 Rfd8 22. Rfe1 Rd6 23. Bf1 a4 24. Qc3 Nd7 25. Ne5 Nxe5 26. Rxe5 Qd4 27.
Qxd4 Rxd4 28. Rb5 Rd7 29. a3 Kf8 30. f3 Bf5 31. Be2 Ke7 32. Kf2 Kd8 33. Rd1
Rxd1 34. Bxd1 Kc7 35. Rb4 Rd8 36. Ke1 e5 37. Rxa4 e4 38. Ra5 g6 39. Rc5+ Kb6
40. Rb5+ Kc7 41. g4 exf3 42. gxf5 f2+ 43. Kxf2 Rxd1 44. fxg6 hxg6 45. Kg3 Rd3+
46. Kf2 Rd2+ 47. Kg3 Rd3+ 48. Kf2 Rh3 49. Kg2 Rd3 50. Rc5+ Kb6 51. Rb5+ Kc6 52.
Kf2 Rd2+ 53. Kg3 Rd3+ 1/2-1/2

[Event "Frankfurt Ch B 2018"]
[Site "Ffm-Höchst, BiKuZ"]
[Date "2018.05.28"]
[Round "4.1"]
[White "Lessmann, Sven"]
[Black "Krehl, Collin"]
[Result "0-1"]
[WhiteElo "1368"]
[BlackElo "1462"]
[PlyCount "102"]
[EventDate "2018.??.??"]
[WhiteTeam "SC Bad Soden"]
[BlackTeam "SV Kelsterbach"]

1. d4 Nf6 2. c4 e6 3. Nc3 Bb4 4. Bg5 c5 5. e3 Bxc3+ 6. bxc3 Qa5 7. Bxf6 Qxc3+
8. Ke2 Qxc4+ 9. Kf3 Qd5+ 10. e4 Qh5+ 11. g4 Qg6 12. Be5 Nc6 13. Ne2 h5 14. Rg1
Nxe5+ 15. dxe5 hxg4+ 16. Rxg4 Qh5 17. h4 Qxe5 18. Nf4 f5 19. exf5 Qxf5 20. Bd3
Qf8 21. Bg6+ Kd8 22. Kg3 d5 23. h5 Qd6 24. Kg2 e5 25. Rg5 d4 26. Nd3 b6 27.
Nxe5 Bb7+ 28. f3 Rf8 29. Nf7+ Rxf7 30. Bxf7 Qf6 31. Rg3 Qxf7 32. Qb3 Bd5 33.
Qc2 Qxh5 34. Rh1 Qf7 35. Rh8+ Kc7 36. Rxa8 Bxa8 37. Qh7 Qxa2+ 38. Kh3 Bd5 39.
Rxg7+ Kc6 40. Rc7+ Kb5 41. Qd7+ Kc4 42. Rxa7 Qb3 43. Ra4+ Kc3 44. Kg3 d3 45.
Qg7+ Kc2 46. Ra1 Qb2 47. Qxb2+ Kxb2 48. Rf1 d2 49. f4 Bb3 50. f5 Kc2 51. Rf2
Kc1 0-1

[Event "Frankfurt Ch B 2018"]
[Site "Ffm-Höchst, BiKuZ"]
[Date "2018.05.28"]
[Round "4.2"]
[White "Müller, Christian"]
[Black "Goodwin, David"]
[Result "1-0"]
[WhiteElo "1328"]
[BlackElo "1371"]
[PlyCount "79"]
[EventDate "2018.??.??"]
[WhiteTeam "Berkershm"]
[BlackTeam "SV Kelsterbach"]

1. e4 g6 2. d4 Bg7 3. Nf3 d6 4. Bc4 e6 5. Bg5 Ne7 6. O-O a6 7. e5 d5 8. Bb3 b5
9. Qd2 O-O 10. c3 Nd7 11. Bc2 c5 12. Bh6 cxd4 13. cxd4 f5 14. Bxg7 Kxg7 15. Ng5
Nb6 16. b3 f4 17. Nc3 Nc6 18. Nf3 Qe7 19. h4 h6 20. Qd3 Qf7 21. h5 Qf5 22. hxg6
Qxd3 23. Bxd3 Bd7 24. Rac1 Be8 25. Ne2 Ne7 26. Rc7 Nd7 27. Nh4 h5 28. g3 fxg3
29. Nxg3 Kh6 30. f4 Rc8 31. Rxc8 Nxc8 32. f5 Rg8 33. f6 Bxg6 34. Nxg6 Nf8 35.
f7 Rg7 36. Rf6 Nd7 37. f8=Q Nxf8 38. Nxf8+ Kg5 39. Nxe6+ Kh4 40. Nxg7 1-0

[Event "Frankfurt Ch B 2018"]
[Site "Ffm-Höchst, BiKuZ"]
[Date "2018.05.28"]
[Round "4.3"]
[White "Arnold, Jan"]
[Black "Mayer, Rolf"]
[Result "1/2-1/2"]
[WhiteElo "1318"]
[BlackElo "1361"]
[PlyCount "43"]
[EventDate "2018.??.??"]
[WhiteTeam "SC Frankfurt-West"]
[BlackTeam "SC Flörsheim"]

1. c4 c5 2. Nc3 Nf6 3. g3 g6 4. Bg2 Bg7 5. e4 d6 6. Nge2 Nc6 7. d3 O-O 8. O-O
e5 9. Rb1 Rb8 10. a3 Be6 11. h3 Qd7 12. Kh2 a6 13. f4 exf4 14. Nxf4 Qc7 15. Be3
Ne7 16. Qd2 Nd7 17. Nxe6 fxe6 18. Ne2 b5 19. b3 Ne5 20. Rfe1 N7c6 21. Nf4 Qe7
22. Rf1 1/2-1/2

[Event "Frankfurt Ch B 2018"]
[Site "Ffm-Höchst, BiKuZ"]
[Date "2018.05.28"]
[Round "4.4"]
[White "Arnold, Aaron"]
[Black "Klein, Simon"]
[Result "1-0"]
[WhiteElo "1339"]
[BlackElo "1232"]
[PlyCount "65"]
[EventDate "2018.??.??"]
[WhiteTeam "SC Frankfurt-West"]
[BlackTeam "SK Hungen"]

1. d4 Nf6 2. c4 d6 3. Nc3 Nbd7 4. Nf3 e5 5. e4 c6 6. Qc2 Be7 7. Be2 Qc7 8. b3
Nf8 9. Bb2 Ng6 10. g3 Bh3 11. Ng5 Bd7 12. h3 h6 13. Nf3 Nh7 14. Bc1 Ng5 15.
Nxg5 hxg5 16. d5 Rxh3 17. Rxh3 Bxh3 18. Bd2 Bf6 19. O-O-O O-O-O 20. Rh1 Rh8 21.
Qd1 Bg2 22. Rxh8+ Nxh8 23. Bg4+ Kb8 24. Qg1 Bxe4 25. Nxe4 cxd5 26. Nxf6 gxf6
27. Qh1 Ng6 28. Qxd5 Ne7 29. Qxf7 d5 30. Bb4 dxc4 31. Qe8+ Nc8 32. Bd6 cxb3+
33. Bxc7+ 1-0